000 00702nam a2200205 4500
005 20250930092123.0
008 250930b |||||||| |||| 00| 0 eng d
020 _a9798891616370
082 _aDC 658.4038011 P931 2025
100 _aPrice, Jeremy.
_968218
245 _aBusiness intelligence and analytics /
_cJeremy Price.
260 _aUSA :
_bAlexis Press, LLC.,
_c©2025.
300 _ax, 297 pages :
_billustrations ;
_c27 cm.
500 _aIncludes bibliography and index.
650 0 _aManagement
_xData processing.
_968219
650 0 _aDecision support systems.
_968220
650 0 _aExpert systems (Computer science).
_968221
650 0 _aBusiness intelligence.
_968222
942 _2ddc
_cDC
999 _c23903
_d23903